000 00745nam a2200289Ia 4500
005 20260324112132.0
008 008 260324s9999 xx 000 0 eng d
020 _a9781003476627
037 _aEBOOK
040 _aCRL
040 _beng
040 _cCRL
041 _2eng
041 _aeng
084 _qCRL
100 _aZandisile W. Saul; Rudolph Botha
_91141442
245 0 _aPhonemes, Graphemes and Democracy
245 4 _bThe Significance of Accuracy in the Orthographical Development of isiXhosa
260 _bTaylor and Francis
260 _c2024
365 _a
365 _b230
856 _uhttp://www.taylorfrancis.com/books/9781003476627
942 _cEBOOK
999 _c1730534
_d1730534